| 000 | 00676nas a2200241 4500 | ||
|---|---|---|---|
| 001 | BR7801614 | ||
| 003 | BR-BrBNA | ||
| 005 | 20231205083401.0 | ||
| 007 | ta | ||
| 008 | 230509b bl.|||p| |||| 00| 00por d | ||
| 040 |
_aBR-BrBNA _bpor _cBiblioteca Nacional de Agricultura |
||
| 041 | _a(Pt) | ||
| 072 | _aN10 | ||
| 100 | 1 | _aAnon. | |
| 245 | 1 | _aGranja Resende: modelo de empreendimento avicola [Brasil] | |
| 650 | _aInstalacao agricola | ||
| 650 | _aGalinha | ||
| 650 | _aGranja | ||
| 650 | _aTriangulo mineiro | ||
| 773 | 0 |
_tLavoura (Brazil) _xISSN 0023-9135 _g(Mar 1978), v. 81 p. 34-35 _wBR7801614 |
|
| 909 |
_a202311 _bLúcia _c55 _dLúcia Elande |
||
| 942 |
_2AGRIS _n0 _cANA |
||
| 999 |
_c98372 _d98372 |
||